| 000 | 02060nam a2200265Ia 4500 | ||
|---|---|---|---|
| 999 |
_c40630 _d40630 |
||
| 001 | 7258 | ||
| 003 | GE_BSU | ||
| 005 | 20191217172344.0 | ||
| 008 | 181216s2013||||ge |||||||||||||| ||geo|| | ||
| 020 | _a9789941199905 | ||
| 040 | _cGE_BSU | ||
| 041 | _ageo | ||
| 080 | _a71.222-9(479.22) ძ-48 | ||
| 245 |
_aძველი საქართველო : _b(ნაწ. 1) : წმინდა გრიგოლ ხანძთელი ; წმინდა მეფე აშოტ I კურაპალატი ; წმინდა არსენ დიდი კათალიკოსი ; წმინდა ეფრემ დიდი, მაწყვერელი ; ღირსი მიქაელ პარეხელი ; წმინდა საბა იშხნელი ; წმინდა გიორგი მაწყვერელი ; ღირსი ზაქარია ანჩელი ; ღირსი დედა ფებრონია. _c შემდგ. კახაბერ კენკიშვილი ; პროექტის რედ. თამარ მამაცაშვილი. |
||
| 264 |
_aთბილისი : _bპალიტრა L, _c2013. |
||
| 300 |
_a192 გვ. ; _b20 სმ. |
||
| 490 |
_aსაქართველოს იმედი : ყველა წმინდანი, რომელთა შესახებაც უნდა იცოდე, _v წ. 12 _xISSN 2298-0547 |
||
| 541 | _h3 ლ. | ||
| 653 | _aქართველი წმინდანები | ||
| 653 | _aსამონასტრო ცხოვრები საქართველოში | ||
| 653 | _aსაქართველოს მართლმადიდებლური ეკლესიის ისტორია | ||
| 700 |
_aკენკიშვილი, კახაბერ _eშემდგენელი _95850 |
||
| 700 |
_aმამაცაშვილი, თამარ _eრედაქტორი _95851 |
||
| 942 |
_cBK _2udc |
||